| 000 | 00790nam a2200241Ia 4500 | ||
|---|---|---|---|
| 003 | OSt | ||
| 005 | 20220925230710.0 | ||
| 006 | a|||||r|||| 00| 0 | ||
| 007 | ta | ||
| 008 | 220923b |||||||| |||| 00| 0 eng d | ||
| 020 |
_a9781783606757 _c1437.18 |
||
| 037 |
_b122, 23/02/2017, CLASSIC BOOKS SERVICES _cGeneral Book |
||
| 040 |
_aRTL _cRTL _beng |
||
| 041 |
_2eng _aeng |
||
| 082 | _aY15.433, Q6 | ||
| 100 |
_aMARINUCCI Mimi _9294162 |
||
| 245 | 0 |
_aFeminism in queer _b The intimate connection between queer and feminist theory. 2nd, ed. |
|
| 260 |
_aLondon _bZed Books _c2016 |
||
| 300 |
_axxiii,200p. _ccm. |
||
| 650 | _aGeography | ||
| 942 |
_hY15.433, Q6 _cGB _2CC |
||
| 999 |
_c586369 _d586369 |
||